Rozvoj organizačných štruktúr podnikov /

Salvato in:
Dettagli Bibliografici
Autore principale: Sedlák, Mikuláš (Autore)
Natura: Libro
Lingua:slovacco
Pubblicazione: Bratislava : Práca, 1988
Edizione:1.vyd.
Soggetti:
Tags: Aggiungi Tag
Nessun Tag, puoi essere il primo ad aggiungerne!!

MARC

LEADER 00000nam a22000003a 4500
001 stu41808
005 20150617225719.4
008 940121s1988----cs------------------slo-d
040 |a STU  |b slo 
041 0 |a slo 
044 |a cs 
080 |a 658.014 
100 1 |a Sedlák, Mikuláš  |4 aut 
245 1 |a Rozvoj organizačných štruktúr podnikov /  |c [aut.]Mikuláš Sedlák 
250 |a 1.vyd. 
260 |a Bratislava :  |b Práca,  |c 1988 
300 |a 299 s 
650 7 |a podniky  |2 stusub 
650 7 |a štruktúra organizačná  |2 stusub 
996 |b 284M012059  |c M*6045-2  |l MMKN  |s A  |a 24  |w stu41808_0001 
996 |b 284M012058  |c M*6045-1  |l MMKN  |s A  |a 24  |w stu41808_0002